| 000 | 006120000a22002050004500 | ||
|---|---|---|---|
| 003 | LK-CoMWRAF | ||
| 005 | 20230926202951.0 | ||
| 008 | 230817t1995 ||||| |||| 00| 0 eng d | ||
| 020 | _a9840512935 | ||
| 040 |
_aLK-CoMWRAF _dLK-CoMWRAF _eLK-CoMWRAF |
||
| 041 | _aeng | ||
| 082 |
_a297.38 _bZAM |
||
| 100 | _aZamir, Muhammad | ||
| 245 | _aDreams, miracles and supplications in Islam | ||
| 260 |
_aBangladesh : _bThe University press, _c1995 |
||
| 300 | _ax, 225 p. ; 22 cm. | ||
| 650 | _aMiracles (Islam) | ||
| 650 | _aDreams -- Religious aspects -- Islam; Prayer -- Islam; Islam -- Doctrines | ||
| 942 | _cBK | ||
| 999 |
_c1240 _d1240 |
||